Zmeny v poňatí práce (ľudského kapitálu) v teóriách ekonomického rastu
Predstavitelia ekonomickej teórie v priebehu historického vývoja zdokonaľovali zmeny v ponímaní práce ako faktora, ktorý determinuje bohatstvo jednotlivca a národa. Významným medzníkom bola teória hraničnej produktivity výrobných faktorov, ktorú sformuloval americký ekonóm J. B. Clark. Na túto teóri...
Gespeichert in:
| 1. Verfasser: | |
|---|---|
| Format: | Buchkapitel |
| Sprache: | Slowakisch |
| Schlagworte: | |
| Tags: |
Keine Tags, Fügen Sie das erste Tag hinzu!
|
MARC
| LEADER | 00000nla a2200000 4500 | ||
|---|---|---|---|
| 001 | 0186901 | ||
| 005 | 20240502073207.1 | ||
| 041 | 0 | |a slo | |
| 044 | |a SK | ||
| 245 | 1 | 0 | |a Zmeny v poňatí práce (ľudského kapitálu) v teóriách ekonomického rastu |c Ján Lisý |
| 520 | |a Predstavitelia ekonomickej teórie v priebehu historického vývoja zdokonaľovali zmeny v ponímaní práce ako faktora, ktorý determinuje bohatstvo jednotlivca a národa. Významným medzníkom bola teória hraničnej produktivity výrobných faktorov, ktorú sformuloval americký ekonóm J. B. Clark. Na túto teóriu nadviazala Cobb-Douglasova produkčná funkcia, ktorá sa stala základom neoklasických modelov rastu R. Solowa a T. Swana. Ich model sa stal inšpiráciou pre ďalších ekonómov, výsledkom čoho bol vznik endogénnych modelov ekonomického rastu. Do modelu zaviedli technologický pokrok a za kapitál považujú jeho fyzickú podobu a ľudský kapitál. Tým vyvrátili pochybnosti vyplývajúce zo zákona klesajúcej hraničnej produktivity výrobných faktorov. | ||
| 610 | 2 | 0 | |a práca |
| 610 | 2 | 0 | |a kapitál ľudský |
| 610 | 2 | 0 | |a rast hospodársky |
| 610 | 2 | 0 | |a teórie ekonomické |
| 100 | 1 | |a Lisý, Ján | |